MARC

LEADER 00000nam0a2200000 4500
001 270503
005 20231101234342.0
035 |a (RuTPU)RU\TPU\book\293684 
090 |a 270503 
100 |a 20140929d1987 k y0rusy50 ca 
101 0 |a rus 
102 |a UA 
105 |a a z 001zy 
200 1 |a Анализирующие системы магнитных масс-спектрометров  |f А. С. Кузема, О. Р. Савин, И. Я. Чертков  |g Академия наук Украинской ССР (АН УССР), Институт коллоидной химии и химии воды им. А. В. Думанского 
210 |a Киев  |c Наукова думка  |d 1987 
215 |a 288 с.  |c ил. 
225 1 |a Наука и технический прогресс 
320 |a Библиогр.: с. 274-283 
606 1 |a Масс-спектрометры  |x (химия)  |2 stltpush  |3 (RuTPU)RU\TPU\subj\41172  |9 60986 
610 1 |a масс-спектральный метод 
610 1 |a масс-спектральные анализаторы 
610 1 |a магнитные анализаторы 
610 1 |a уравнения 
610 1 |a электрические поля 
610 1 |a магнитные поля 
610 1 |a анализирующие системы 
610 1 |a матричный метод 
610 1 |a рассеянное поле 
675 |a 543.51  |v 3 
700 1 |a Кузема  |b А. С.  |g Александр Сергеевич 
701 1 |a Савин  |b О. Р.  |g Олег Ростиславович 
701 1 |a Чертков  |b И. Я.  |g Иосиф Яковлевич 
712 0 2 |a Академия наук Украинской ССР (АН УССР)  |b Институт коллоидной химии и химии воды им. А. В. Думанского  |c (Киев)  |2 stltpush  |3 (RuTPU)RU\TPU\col\11823 
801 1 |a RU  |b 63413507  |c 20140929 
801 2 |a RU  |b 63413507  |c 20161205  |g RCR 
942 |c BK